Währungsunionen - Statistiken

Allgemein
  • Dieses Quiz wurde 43 mal gespielt
  • Das Durchschnittsergebnis liegt bei 19 aus 52
Antwortstatistiken
% Korrekt
Euro
97%
Ostkaribischer Dollar
78%
Deutschland
76%
Italien
68%
Luxemburg
68%
Frankreich
65%
Niederlande
65%
Spanien
65%
Belgien
62%
Estland
62%
Kroatien
62%
Lettland
62%
Litauen
62%
Österreich
62%
Finnland
59%
Griechenland
59%
Portugal
59%
Slowenien
59%
Slowakei
57%
Irland
49%
Malta
46%
Zypern
41%
Liechtenstein
35%
Schweizer Franken
35%
Schweiz
32%
St. Kitts und Nevis
27%
St. Lucia
27%
St. Vincent und die Grenadinen
27%
Antigua und Barbuda
24%
Dominica
24%
Grenada
24%
CFA-Franc BCEAO
22%
CFA-Franc BEAC
22%
Burkina Faso
16%
Guinea-Bissau
16%
Republik Kongo
16%
Togo
16%
Zentralafrikanische Republik
16%
Äquatorialguinea
14%
Benin
14%
Elfenbeinküste
14%
Eswatini
14%
Gabun
14%
Kamerun
14%
Lesotho
14%
Mali
14%
Niger
14%
Senegal
14%
Südafrika
14%
Tschad
14%
Namibia
11%
Südafrikanischer Rand
8%
Keine übereinstimmenden Quizze gefunden
Verteilung der Resultate
Anzahl Personen mit jedem Resultat
Perzentil nach korrekt beantworteten Fragen
Ihre Resultats-Entwicklung
Sie haben dieses Quiz noch nicht gespielt